000 00470nam a22002057a 4500
001 21557
005 20260314104849.0
008 260314b |||||||| |||| 00| 0 spa d
041 _aESP
082 _a624.1834
_bM12
100 _aMcCormac, Jack C.
245 _aDiseño de concreto reforzado
260 _a :
_b ,
_c2011
300 _a000 páginas :
_b ;
_c00 cm.
440 _a ;
650 _aGEN
654 _aCIC
700 _a;
942 _cLIB
_dJUS
_fJUS
_2ddc
999 _c21557
_d21557